History Quiz

Random History or Century Quiz
Score 0/10 Timer 04:00
1 Play Today
% Correct
2. Jackie Robinson played his first game, breaking the MLB color line, in 1947.
71.6%
3. Mein Kampf was published in 1925.
64.9%
2. 'Strangers in the Night' was released in 1966.
60.5%
3. The Gallipoli Landings happened in 1915.
60.5%
4. The London underground opened in 1863.
58.7%
1. The first mobile phone was invented in 1973.
58.6%
3. Kim Jong-Il became supreme leader of North Korea in 1997.
49%
4. RMS Mauretania was scrapped in 1935.
48.2%
1. 'Albert II' went into space in 1949.
40.1%
4. South Africa gained full independence from the UK in 1961.
39.7%
Remove Ads.
Support Sporcle.
Get the best of Sporcle when you Go Orange. This ad-free experience offers more features, more stats, and more fun while also helping to support Sporcle. Thank you for becoming a member.

You're not logged in!

Compare scores with friends on all Sporcle quizzes.
OR
Log In

Show Comments

Extras

Top Quizzes Today


Score Distribution

Your Account Isn't Verified!

In order to create a playlist on Sporcle, you need to verify the email address you used during registration. Go to your Sporcle Settings to finish the process.

Report this User

Report this user for behavior that violates our Community Guidelines.

Details: